00692nam a22002057a 4500003000200000005001700002008004100019020001800060050002500078082002500103100002200128240005400150245007700204260005300281300005900334650003100393650001900424650002100443700002200464020260123104441.0260123b xxu||||| |||| 00| 0 eng d a9786214740123 aFIL 179bMum962 2022 aFIL 179bMum962 2022 ade Bezenac, Agnes aMumunting aral sa buhay tungkol sa... pagbabahagi aLittle life lessons on... sharingcAgnes de Bezenac and Salem de Bezenac aManila :bLampara Publishing House, Inc.,c2022. a32 unnumbered pages :bcolored illustrations ;c21 cm. aSharingvJuvenile fiction. aPicture books. aBilingual books. ade Bezenac, Salem